书目信息 |
| 题名: |
唐太宗与魏征
|
|
| 作者: | 杨志平 , 李民生 编 | |
| 分册: | ||
| 出版信息: | 北京 中国戏剧出版社 1982 |
|
| 页数: | 114页 | |
| 开本: | 19cm | |
| 丛书名: | ||
| 单 册: | ||
| 中图分类: | I234.7 | |
| 科图分类: | ||
| 主题词: | 剧本-历史题材剧(话剧)--中国--现代 , 历史题材剧(话剧)-剧本--中国--现代 | |
| 电子资源: | ||
| ISBN: | ||
| 000 | 00727nam0 2200253 45 | |
| 001 | 0182008978 | |
| 005 | 20060819112219.29 | |
| 010 | @dCNY0.36 | |
| 091 | @aCN@b8069.220 | |
| 100 | @a19950127d1982 em y0chiy0121 ea | |
| 101 | 0 | @achi |
| 102 | @aCN@b110000 | |
| 105 | @af z 000by | |
| 200 | 10 | @a唐太宗与魏征@Atang tai zong yu wei zheng@e六场话剧@f李民生,杨志平编 |
| 210 | @a北京@c中国戏剧出版社@d1982 | |
| 215 | @a114页@c剧照@d19cm | |
| 606 | @a剧本-历史题材剧(话剧)@y中国@z现代 | |
| 606 | @a历史题材剧(话剧)-剧本@y中国@z现代 | |
| 690 | @aI234.7@v3 | |
| 701 | 0 | @a杨志平@Ayang zhi ping@4编 |
| 701 | 0 | @a李民生@Ali min sheng@4编 |
| 801 | 2 | @aCN@bNLC@c20060819 |
| 801 | 0 | @aCN@bTSSF |
| 905 | @a10447@dI234.7@e149 | |
| 唐太宗与魏征:六场话剧/李民生,杨志平编.-北京:中国戏剧出版社,1982 |
| 114页:剧照;19cm |
| ISBN :CNY0.36 |
| ● |
| 相关链接 |
|
|
|
|
正题名:唐太宗与魏征
索取号:I234.7/149
 
预约/预借
| 序号 | 登录号 | 条形码 | 馆藏地/架位号 | 状态 | 备注 |
| 1 | 0469922 | 204699228 | 密集书库/ [索取号:I234.7/149] | 在馆 |